| Tag |
First Indicator |
Second Indicator |
Subfields |
| LEADER |
00000cam a2200000 i 4500 |
| 001 |
in00003598968 |
| 005 |
20211120173311.0 |
| 006 |
m o d f |
| 007 |
cr mn||||||||| |
| 008 |
150730s1918 nyua o f000 0 eng c |
| 035 |
|
|
|a (OCoLC)ocn915140994
|
| 042 |
|
|
|a pcc
|
| 040 |
|
|
|a GPO
|b eng
|e rda
|e pn
|c GPO
|d MvI
|
| 049 |
|
|
|a WWW
|
| 074 |
|
|
|a 9999 (online)
|
| 086 |
0 |
|
|a Y 3.F 73:10/B 74
|
| 245 |
0 |
0 |
|a Victory bread :
|b four fifth wheat flour, one fifth substitutes.
|
| 264 |
|
1 |
|a New York, N.Y. :
|b Heywood, Strasser & Voigt Litho. Co.,
|c 1918.
|
| 300 |
|
|
|a 1 online resource (1 poster)
|
| 336 |
|
|
|a still image
|2 rdacontent
|
| 336 |
|
|
|a text
|b txt
|2 rdacontent
|
| 337 |
|
|
|a computer
|2 rdamedia
|
| 338 |
|
|
|a online resource
|2 rdacarrier
|b cr
|
| 500 |
|
|
|a Title from digitized image.
|
| 500 |
|
|
|a No Federal Depository Library Program (FDLP) item number available.
|
| 500 |
|
|
|a This work is in the public domain.
|
| 650 |
|
0 |
|a World War, 1914-1918
|v Posters.
|
| 650 |
|
0 |
|a World War, 1914-1918
|x Food supply
|z United States
|v Posters.
|
| 650 |
|
0 |
|a Cooking (Bread)
|v Posters.
|
| 650 |
|
0 |
|a Bread
|v Posters.
|
| 650 |
|
0 |
|a Formulas, recipes, etc.
|v Posters.
|
| 710 |
2 |
|
|a United States Food Administration,
|e issuing body.
|
| 856 |
4 |
0 |
|u https://purl.fdlp.gov/GPO/gpo59429
|t 0
|
| 999 |
f |
f |
|s 3f3f07eb-3cf2-3335-8d5f-c0bdac609c5c
|i 8672d954-6466-3628-83ce-c4cd8ebcced5
|t 0
|
| 952 |
f |
f |
|a Texas A&M University
|b College Station
|c Electronic Resources
|d Available Online
|t 0
|e Y 3.F 73:10/B 74
|h Superintendent of Documents classification
|
| 998 |
f |
f |
|a Y 3.F 73:10/B 74
|t 0
|l Available Online
|